Capoluoghi e Iniziali delle Regioni - Quiz n°2 - Statistics

Statistiche generali
  • Questo quiz è stato fatto 27 volte
  • Il punteggio medio è 9 su 10
Statistiche sulle risposte
Hint Risposta % Corretto
Cremona L
95%
Brindisi P
95%
Reggio Calabria C
89%
Modena E
89%
Sondrio L
89%
Lodi L
89%
Macerata M
84%
Forlì E
79%
Campobasso M
79%
Carbonia S
74%
Nessun quiz corrispondente trovato
Distribuzione punteggi
Percentuale di utenti per punteggio
Percentile per numero di risposta
I tuoi punteggi nel tempo
Non hai fatto questo quiz